Dede Korkut hikayeleri = (Record no. 55973)
| 000 -BAŞLIK | |
|---|---|
| Sabit Uzunluktaki Kontrol Alanı | 01085nam a22003497a 4500 |
| 001 - KONTROL NUMARASI | |
| Control Dosyası | 0056165 |
| 003 - KONTROL NUMARASI KİMLİĞİ | |
| Kontrol Alanı | KOHA_MİRAKIL |
| 005 - EN SON İŞLEM TARİHİ ve ZAMANI | |
| Kontrol Alanı | 20260207004040.0 |
| 007 - FİZİKSEL TANIM SABİT ALAN - GENEL BİLGİ | |
| Sabit uzunluklu kontrol alanı | ta |
| 008 - SABİT UZUNLUKTAKİ VERİ ÖGELERİ - GENEL BİLGİ | |
| Sabit Alan | 160307b2013 tu |||gr||||#0|||1|tur | |
| 020 ## - ISBN - ULUSLARARASI STANDART KİTAP NUMARASI | |
| Isbn | 9786054892365 |
| 040 ## - KATALOGLAMA KAYNAĞI | |
| Özgün Kataloglama Kurumu | TR-BiSEU |
| Kataloglama Dili | tur |
| Çeviri Kurumu | TR-BiSEU |
| Açıklama Kuralları | rda |
| 041 0# - DİL KODU | |
| Metin ya da ses kaydının dil kodu | tur |
| -- | eng |
| 044 ## - YAYINLAYAN/ÜRETEN KURULUŞUN ÜLKE KODU | |
| ISO country code | tu |
| 050 ## - SINIFLAMA ve YER NUMARASI | |
| Sınıflama Numarası | PL248.K54 |
| Yer Numarası | D43 2013 |
| 100 0# - KİŞİ ADI | |
| Yazar Adı (Kişi adı) | Dede Korkut. |
| 240 10 - TEK BİÇİM BAŞLIK | |
| Tekbiçim Başlık | <a href="The stories of Dede Korkut">The stories of Dede Korkut</a> |
| Language of a work | Türkçe |
| 245 0# - ESER ADI BİLDİRİMİ | |
| Başlık | Dede Korkut hikayeleri = |
| Alt Eseradı vb. | The stories of Dede Korkut/ |
| Sorumluluk Bildirimi | Dede Korkut (Korkut Ata). |
| 264 #1 - ÜRERİM, YAYIN, DAĞITIM ve TELİF BİLDİRİMİ | |
| Yayın yeri | Eskişehir : |
| Yayınlayan | Türk Dünyası Kitaplığı |
| Yayın tarihi | 2013 |
| 300 ## - FİZİKSEL TANIMLAMA | |
| Sayfa, Cilt vb. | 96 sayfa ; |
| Boyutları | 20 cm. |
| 336 ## - İÇERİK TÜRÜ | |
| Content type term | metin |
| Content type code | txt |
| Source | rdacontent |
| 337 ## - MEDYA TÜRÜ | |
| Media type term | aracısız |
| Media type code | n |
| Source | rdamedia |
| 338 ## - TAŞIYICI TÜRÜ | |
| Carrier type term | cilt |
| Carrier type code | nc |
| Source | rdacarrier |
| 500 ## - GENEL NOT | |
| Genel Not | Eser Türkçe ve İngilizce'dir. |
| 500 ## - GENEL NOT | |
| Genel Not | Türk Dünyası Kültür Başkenti Eskişehir 2013. |
| 500 ## - GENEL NOT | |
| Genel Not | Kaynakça var. |
| 500 ## - GENEL NOT | |
| Genel Not | Türk Dünyası Kitaplığı. |
| 650 #0 - KONU BAŞLIĞI EK GİRİŞ - KONU TERİMİ | |
| Konusal terim veya coğrafi ad | Dede Korkut Hikayeleri. |
| 9 (RLIN) | 6293 |
| 650 #0 - KONU BAŞLIĞI EK GİRİŞ - KONU TERİMİ | |
| Konusal terim veya coğrafi ad | Dede Korkut Stories. |
| 9 (RLIN) | 32295 |
| 907 ## - LOCAL DATA ELEMENT G, LDG (RLIN) | |
| a | Roman |
| 942 ## - EK GİRİŞ ÖGELERİ (KOHA) | |
| Source of classification or shelving scheme | Library of Congress Classification |
| Koha item type | Book |
| Materyal Türü | Kalıcı Konum | Mevcut Konum | Raf Yeri | Sınıflandırma Kaynağı | Edinim Bilgisi | Ana Konular | Alt Konular | Yer Numarası | Demirbaş Numarası | Fatura Tarihi | Geri Çekilme Durumu | Kayıp Durumu | Hasarlı Durumu | Kredi için değil | Kayıt Tarih | Toplam Ödünçverme | Son Görülme Tarihi | Son Kontrol Tarihi | Genel / Bağış Notu |
|---|---|---|---|---|---|---|---|---|---|---|---|---|---|---|---|---|---|---|---|
| Book | Prof. Dr. Azmi Özcan Kütüphanesi | Prof. Dr. Azmi Özcan Kütüphanesi | Birûni Salonu | Library of Congress Classification | Bağış | DİL VE EDEBİYAT | Doğu Asya, Afrika, Okyanusya Dilleri ve Edebiyatları | PL248.K54 D43 2013 | 0056165 | 02/02/2026 | 07/03/2016 | 3 | 05/12/2024 | 05/12/2024 | Nabi Avcı, Akademisyen |
